[Event "Oberliga Wuerttemberg 2223"]
[Site "Wuerttemberg"]
[Date "2023.04.23"]
[Round "8.7"]
[White "Roth, Juergen Eugen"]
[Black "Scheeff, Volker"]
[Result "1/2-1/2"]
[WhiteElo "2145"]
[BlackElo "2086"]
[PlyCount "118"]
[EventDate "2022.09.18"]
[EventType "team-tourn"]
[EventRounds "9"]
[EventCountry "GER"]
[SourceTitle "EXT 2025"]
[Source "ChessBase"]
[SourceDate "2024.10.14"]
[SourceVersion "1"]
[SourceVersionDate "2024.10.14"]
[SourceQuality "1"]
[WhiteTeam "Bebenhausen"]
[BlackTeam "Schmiden/Cannstatt"]
[WhiteTeamCountry "GER"]
[BlackTeamCountry "GER"]

1. Nf3 d5 2. g3 Bg4 3. Bg2 Nd7 4. c4 dxc4 5. Qa4 c6 6. Qxc4 Bxf3 7. Bxf3 Ne5 8. Qe4 Nxf3+ 9. Qxf3 Nf6 10. Nc3 e6 11. 0-0 Be7 12. Rd1 0-0 13. d4 Qb6 14. b3 Rfd8 15. Na4 Qa5 16. Bb2 Qd5 17. Kg2 Ne4 18. Nc3 Nxc3 19. Bxc3 f5 20. Qxd5 Rxd5 21. e3 Rad8 22. Rdc1 Kf7 23. a4 g5 24. b4 a6 25. h3 h5 26. f3 Kg6 27. Rab1 g4 28. hxg4 hxg4 29. fxg4 fxg4 30. e4 Rh5 31. Rh1 Rxh1 32. Rxh1 e5 33. dxe5 Rd3 34. Rc1 Re3 35. Kf2 Rxe4 36. Rb1 Rc4 37. Rb3 Kf5 38. Ke3 b5 39. axb5 axb5 40. Kd3 Bd8 41. Rb1 Ke6 42. Re1 Be7 43. Re4 Kd5 44. Rf4 Bg5 45. Rf7 Ke6 46. Rg7 Be7 47. Bd4 Bxb4 48. Rxg4 c5 49. Rg6+ Kf7 50. Rf6+ Ke7 51. Bb2 Rg4 52. Rb6 c4+ 53. Kc2 Rxg3 54. Rxb5 Rg2+ 55. Kb1 c3 56. Rxb4 Rxb2+ 57. Rxb2 cxb2 58. Kxb2 Ke6 59. Kc3 Kxe5 1/2-1/2

[Event "Oberliga Wuerttemberg 2223"]
[Site "Wuerttemberg"]
[Date "2023.02.05"]
[Round "6.7"]
[White "Gabriel, Josef"]
[Black "Scheeff, Volker"]
[Result "0-1"]
[WhiteElo "2036"]
[BlackElo "2071"]
[PlyCount "84"]
[EventDate "2022.09.18"]
[EventType "team-tourn"]
[EventRounds "9"]
[EventCountry "GER"]
[SourceTitle "EXT 2025"]
[Source "ChessBase"]
[SourceDate "2024.10.14"]
[SourceVersion "1"]
[SourceVersionDate "2024.10.14"]
[SourceQuality "1"]
[WhiteTeam "Stuttgart SF II"]
[BlackTeam "Schmiden/Cannstatt"]
[WhiteTeamCountry "GER"]
[BlackTeamCountry "GER"]

1. e4 e6 2. d3 d5 3. Nd2 c5 4. Ngf3 Nc6 5. g3 Bd6 6. Bg2 Nge7 7. 0-0 0-0 8. Re1 Qc7 9. Qe2 f6 10. c3 d4 11. Nc4 e5 12. a4 Be6 13. Nxd6 Qxd6 14. c4 Nb4 15. h3 a6 16. Rf1 b5 17. b3 bxc4 18. bxc4 Rab8 19. Ne1 Nec6 20. f4 Na5 21. fxe5 fxe5 22. Rxf8+ Rxf8 23. Qd1 Qd7 24. Nf3 Bxh3 25. Nxe5 Qe6 26. Nf3 Qg4 27. Kh2 Nac6 28. Ba3 Qh5 29. Bxh3 Qxf3 30. Bxb4 Nxb4 31. Be6+ Kh8 32. Qxf3 Rxf3 33. Kg2 Rf6 34. Bd5 Nxd3 35. Ra3 Ne5 36. Rb3 g5 37. a5 d3 38. Rb8+ Kg7 39. Rg8+ Kh6 40. Rd8 d2 41. Bg8 Kg7 42. Bxh7 Nxc4 0-1

[Event "Staufer op 33rd"]
[Site "Schwaebisch Gmuend"]
[Date "2023.01.04"]
[Round "6"]
[White "Scheeff, Volker"]
[Black "Dolzhikova, Kateryna"]
[Result "1/2-1/2"]
[WhiteElo "2050"]
[BlackElo "2244"]
[PlyCount "70"]
[EventDate "2023.01.02"]
[EventType "swiss"]
[EventRounds "9"]
[EventCountry "GER"]
[SourceTitle "CBM 212 Extra"]
[Source "ChessBase"]
[SourceDate "2023.03.31"]
[SourceVersion "1"]
[SourceVersionDate "2023.03.31"]
[SourceQuality "1"]

1. e4 c5 2. Nf3 d6 3. d4 cxd4 4. Nxd4 Nf6 5. Nc3 g6 6. Be3 Bg7 7. f3 Nc6 8. Qd2 0-0 9. 0-0-0 d5 10. Qe1 e5 11. Nxc6 bxc6 12. exd5 Nxd5 13. Bc4 Be6 14. g4 Rb8 15. Ne4 Qc7 16. Bf2 f5 17. gxf5 gxf5 18. Ng5 e4 19. Bd4 Bh6 20. Kb1 Bxg5 21. Rg1 h6 22. h4 c5 23. Bxd5 Bxd5 24. Bc3 Qf7 25. hxg5 Bxa2+ 26. Kc1 h5 27. g6 Qe7 28. Qd2 e3 29. Qh2 e2 30. Rde1 Qe3+ 31. Bd2 Qa3 32. Qe5 Rxb2 33. Qxb2 Rb8 34. Bb4 Qe3+ 35. Bd2 Qa3 1/2-1/2

[Event "Oberliga Wuerttemberg 2223"]
[Site "Wuerttemberg"]
[Date "2022.11.27"]
[Round "4.8"]
[White "Scheeff, Volker"]
[Black "Merk, Tobias"]
[Result "1-0"]
[WhiteElo "2041"]
[BlackElo "2055"]
[PlyCount "67"]
[EventDate "2022.09.18"]
[EventType "team-tourn"]
[EventRounds "9"]
[EventCountry "GER"]
[SourceTitle "EXT 2025"]
[Source "ChessBase"]
[SourceDate "2024.10.14"]
[SourceVersion "1"]
[SourceVersionDate "2024.10.14"]
[SourceQuality "1"]
[WhiteTeam "Schmiden/Cannstatt"]
[BlackTeam "Biberach"]
[WhiteTeamCountry "GER"]
[BlackTeamCountry "GER"]

1. e4 e6 2. d4 d5 3. Nc3 Bb4 4. e5 c5 5. a3 Bxc3+ 6. bxc3 Ne7 7. Qg4 Qc7 8. Bd3 cxd4 9. Ne2 dxc3 10. Qxg7 Rg8 11. Qxh7 Nbc6 12. h4 Bd7 13. Bg5 0-0-0 14. Rb1 Qa5 15. Rb3 d4 16. Qe4 b6 17. Nxd4 Nxd4 18. Qxd4 Nd5 19. Bxd8 Rxd8 20. h5 Ba4 21. Rb1 Nc7 22. Qe4 Qc5 23. h6 Bc6 24. Qe3 Qxa3 25. h7 Rh8 26. Qh6 Ne8 27. Qh5 Qf8 28. Rb3 f5 29. Qh4 Kb8 30. Qd8+ Kb7 31. Ba6+ Kxa6 32. Qc8+ Bb7 33. Qc4+ b5 34. Qxb5# 1-0

[Event "Pfaeffikon Acrevis op 2nd"]
[Site "Pfaeffikon"]
[Date "2022.07.29"]
[Round "3"]
[White "Toktomushev, Teimur"]
[Black "Scheeff, Volker"]
[Result "1/2-1/2"]
[WhiteElo "2288"]
[BlackElo "2092"]
[PlyCount "127"]
[EventDate "2022.07.28"]
[EventType "swiss"]
[EventRounds "6"]
[EventCountry "SUI"]
[SourceTitle "EXT 2023"]
[Source "ChessBase"]
[SourceDate "2022.10.05"]
[SourceVersion "1"]
[SourceVersionDate "2022.10.05"]
[SourceQuality "1"]

1. d4 d5 2. c4 c6 3. Nc3 Nf6 4. e3 a6 5. Nf3 Bf5 6. Qb3 b5 7. c5 Nbd7 8. Nh4 e6 9. f3 Nh5 10. Nxf5 exf5 11. g3 Ndf6 12. Bg2 g6 13. 0-0 Bg7 14. Bd2 0-0 15. Rad1 Re8 16. Bc1 Ra7 17. Rde1 Bh6 18. Re2 Rae7 19. Rfe1 a5 20. Nd1 g5 21. Qd3 Qd7 22. e4 fxe4 23. fxe4 dxe4 24. Bxe4 Nxe4 25. Rxe4 Rxe4 26. Rxe4 Rxe4 27. Qxe4 Bg7 28. Be3 Nf6 29. Qd3 Ng4 30. d5 cxd5 31. Nc3 d4 32. c6 Qxc6 33. Bxd4 b4 34. Bxg7 Kxg7 35. Qd4+ Nf6 36. Ne2 Qe6 37. Kf2 Qxa2 38. Qe5 Qd5 39. Qe7 Qe4 40. Qc5 h6 41. h3 Qd5 42. Qc7 a4 43. Qa7 Qf5+ 44. Kg2 Qe4+ 45. Kf2 b3 46. Nd4 Qe5 47. Qxa4 Ne4+ 48. Kf3 Qd5 49. Qb4 h5 50. Ke3 Nxg3 51. Nxb3 Nf5+ 52. Kf2 Qe5 53. Qc3 Qxc3 54. bxc3 Kf6 55. Kf3 Ke5 56. Nc5 Nd6 57. Nd7+ Kf5 58. Nb6 g4+ 59. Kg2 Ke5 60. c4 Kd4 61. c5 Kxc5 62. Nd7+ Kd4 63. Nf6 gxh3+ 64. Kxh3 1/2-1/2

[Event "Staufer op 26th"]
[Site "Schwaebisch Gmuend"]
[Date "2014.01.04"]
[Round "5"]
[White "Henrich, Thomas"]
[Black "Scheeff, Volker"]
[Result "1-0"]
[WhiteElo "2231"]
[BlackElo "2100"]
[PlyCount "67"]
[EventDate "2014.01.02"]
[EventType "swiss"]
[EventRounds "9"]
[EventCountry "GER"]
[SourceTitle "CBM 158 Extra"]
[Source "ChessBase"]
[SourceDate "2014.02.28"]
[SourceVersion "1"]
[SourceVersionDate "2014.02.28"]
[SourceQuality "1"]

1. d4 d5 2. c4 c6 3. Nf3 Nf6 4. Nc3 e6 5. Bg5 h6 6. Bh4 g5 7. Bg3 dxc4 8. h4 g4 9. Ne5 b5 10. h5 Bb7 11. Bh4 Be7 12. e3 Qa5 13. a4 b4 14. Nxc4 Qxh5 15. Ne2 Ne4 16. Nf4 Qf5 17. Bd3 Nd7 18. Bxe7 Kxe7 19. Rh5 Qh7 20. f3 gxf3 21. gxf3 Rhg8 22. Rh1 c5 23. Na5 Qg7 24. fxe4 Qg3+ 25. Kd2 cxd4 26. Qe1 Nc5 27. Qxg3 Rxg3 28. Nxb7 dxe3+ 29. Ke2 Nxb7 30. Rac1 Kd6 31. Ba6 Nc5 32. e5+ Kxe5 33. Rxc5+ Kxf4 34. Rh4+ 1-0

[Event "Staufer op 22nd"]
[Site "Schwaebisch Gmuend"]
[Date "2010.01.04"]
[Round "5"]
[White "Scheeff, Volker"]
[Black "Welling, Gerard J"]
[Result "1/2-1/2"]
[WhiteElo "2155"]
[BlackElo "2358"]
[PlyCount "82"]
[EventDate "2010.01.02"]
[EventType "swiss"]
[EventRounds "9"]
[EventCountry "GER"]
[SourceTitle "CBM 134 Extra"]
[Source "ChessBase"]
[SourceDate "2010.03.03"]
[SourceVersion "1"]
[SourceVersionDate "2010.03.03"]
[SourceQuality "1"]

1. e4 Nc6 2. Nf3 d6 3. d4 Nf6 4. Nc3 Bg4 5. Be3 a6 6. h3 Bh5 7. g4 Bg6 8. d5 Nb8 9. Bd3 c6 10. g5 Nfd7 11. Nh4 cxd5 12. Nxg6 hxg6 13. exd5 Qa5 14. Qg4 Ne5 15. Qc8+ Qd8 16. Qxd8+ Kxd8 17. Be2 b5 18. a4 b4 19. Na2 a5 20. c3 bxc3 21. Nxc3 Ned7 22. Nb5 Na6 23. Bg4 Nac5 24. f4 Rh4 25. Kf2 Rh8 26. Kg2 e5 27. dxe6 fxe6 28. Rad1 Rb8 29. Bd2 Nxa4 30. Bxa5+ Ke7 31. Nxd6 Rxb2+ 32. Kg3 Rb3+ 33. Bf3 Nac5 34. Bd8+ Kxd8 35. Nf7+ Ke8 36. Nxh8 Ne4+ 37. Kg4 Nf2+ 38. Kg3 Ne4+ 39. Kg4 Nf2+ 40. Kg3 Ne4+ 41. Kg4 Nf2+ 1/2-1/2

[Event "Nuremberg LGA Cup 6th"]
[Site "Nuremberg"]
[Date "2009.09.06"]
[Round "6"]
[White "Kunin, Vitaly L"]
[Black "Scheeff, Volker"]
[Result "1-0"]
[WhiteElo "2532"]
[BlackElo "2144"]
[PlyCount "75"]
[EventDate "2009.09.03"]
[EventType "swiss"]
[EventRounds "7"]
[EventCountry "GER"]
[SourceTitle "CBM 132 Extra"]
[Source "ChessBase"]
[SourceDate "2009.11.03"]
[SourceVersion "1"]
[SourceVersionDate "2009.11.03"]
[SourceQuality "1"]

1. d4 e6 2. Nf3 d5 3. c4 Nf6 4. Nc3 Be7 5. Bg5 h6 6. Bh4 0-0 7. e3 b6 8. Qb3 Bb7 9. Bxf6 Bxf6 10. cxd5 exd5 11. Rd1 c6 12. Bd3 Re8 13. 0-0 Nd7 14. Rfe1 Nf8 15. e4 Ne6 16. e5 Be7 17. Bb1 a5 18. Re3 Ba6 19. Ne1 Bg5 20. Rg3 Bh4 21. Rh3 Nf4 22. Rf3 Ne6 23. Qc2 g6 24. g3 Ng5 25. Re3 Nh3+ 26. Kg2 Bg5 27. f4 Bxf4 28. gxf4 Nxf4+ 29. Kh1 Kg7 30. Qf2 Ne6 31. Nf3 Qe7 32. Rg1 Bb7 33. Nh4 Ng5 34. Ne2 c5 35. Rf3 Bc8 36. Rf6 Ne4 37. Bxe4 dxe4 38. Nxg6 1-0

[Event "Stuttgart-chA int"]
[Site "Ditzingen"]
[Date "2009.05.23"]
[Round "6"]
[White "Scheeff, Volker"]
[Black "Schaefer, Alexander1"]
[Result "1-0"]
[WhiteElo "2111"]
[BlackElo "2007"]
[PlyCount "63"]
[EventDate "2009.05.21"]
[EventType "swiss"]
[EventRounds "7"]
[EventCountry "GER"]
[SourceTitle "EXT 2018"]
[Source "ChessBase"]
[SourceDate "2017.10.13"]
[SourceVersion "1"]
[SourceVersionDate "2017.10.13"]
[SourceQuality "1"]

1. e4 c5 2. Nf3 Nc6 3. Bb5 Nf6 4. Nc3 d6 5. e5 Ng4 6. Qe2 Bd7 7. exd6 e6 8. Ne4 b6 9. d4 a6 10. Bg5 f6 11. Bxc6 Bxc6 12. h3 fxg5 13. hxg4 Bxd6 14. Nexg5 Bxf3 15. Qxe6+ Qe7 16. gxf3 h6 17. dxc5 bxc5 18. Qxe7+ Kxe7 19. Ne4 Rab8 20. Nxd6 Kxd6 21. 0-0-0+ Kc6 22. Rhe1 Rbe8 23. c4 Rhf8 24. Rxe8 Rxe8 25. Rd2 g6 26. Kd1 h5 27. Re2 Rf8 28. Re6+ Kd7 29. Rxg6 hxg4 30. Rxg4 Rxf3 31. Ke2 Rh3 32. Rg6 1-0

[Event "Stuttgart-chA int"]
[Site "Ditzingen"]
[Date "2009.05.22"]
[Round "4"]
[White "Scheeff, Volker"]
[Black "Vuckovic, Aleksandar"]
[Result "1/2-1/2"]
[WhiteElo "2111"]
[BlackElo "2326"]
[PlyCount "52"]
[EventDate "2009.05.21"]
[EventType "swiss"]
[EventRounds "7"]
[EventCountry "GER"]
[SourceTitle "EXT 2018"]
[Source "ChessBase"]
[SourceDate "2017.10.13"]
[SourceVersion "1"]
[SourceVersionDate "2017.10.13"]
[SourceQuality "1"]

1. e4 c5 2. Nf3 Nc6 3. Bb5 Na5 4. c3 a6 5. Ba4 b5 6. Bc2 d5 7. d4 dxe4 8. Bxe4 Bb7 9. Bxb7 Nxb7 10. 0-0 Nf6 11. Qe2 e6 12. a4 b4 13. dxc5 Bxc5 14. cxb4 Bxb4 15. Rd1 Qe7 16. Nc3 0-0 17. Bg5 Bxc3 18. bxc3 Nc5 19. Nd4 Rfe8 20. Nc6 Qc7 21. Bxf6 gxf6 22. Qg4+ Kf8 23. Qf3 Rac8 24. Qxf6 Qxc6 25. Qh6+ Ke7 26. Qg5+ Kf8 1/2-1/2

[Event "Staufer op 21st"]
[Site "Schwaebisch Gmuend"]
[Date "2009.01.05"]
[Round "6"]
[White "Reschke, Stefan"]
[Black "Scheeff, Volker"]
[Result "1/2-1/2"]
[WhiteElo "2383"]
[BlackElo "2110"]
[PlyCount "53"]
[EventDate "2009.01.02"]
[EventType "swiss"]
[EventRounds "9"]
[EventCountry "GER"]
[SourceTitle "CBM 128 Extra"]
[Source "ChessBase"]
[SourceDate "2009.03.05"]
[SourceVersion "2"]
[SourceVersionDate "2009.03.25"]
[SourceQuality "1"]

1. Nf3 b6 2. b3 Bb7 3. Bb2 Nf6 4. e3 g6 5. Bxf6 exf6 6. g3 Bg7 7. Bg2 0-0 8. 0-0 f5 9. d4 d6 10. Nbd2 Nd7 11. a4 a5 12. Ne1 Bxg2 13. Kxg2 d5 14. Rc1 c5 15. Ndf3 c4 16. bxc4 dxc4 17. c3 Nf6 18. Rb1 Nd5 19. Qc2 Re8 20. Kh1 Qd7 21. Ng2 Qc6 22. Kg1 f6 23. Nd2 Bh6 24. Rfc1 Rxe3 25. Rxb6 Nxb6 26. fxe3 Rc8 27. Kf2 1/2-1/2

[Event "Staufer op 21st"]
[Site "Schwaebisch Gmuend"]
[Date "2009.01.04"]
[Round "7"]
[White "Scheeff, Volker"]
[Black "Postoev Birkenberg, Alexander"]
[Result "0-1"]
[WhiteElo "2110"]
[BlackElo "2364"]
[PlyCount "74"]
[EventDate "2009.01.02"]
[EventType "swiss"]
[EventRounds "9"]
[EventCountry "GER"]
[SourceTitle "CBM 128 Extra"]
[Source "ChessBase"]
[SourceDate "2009.03.05"]
[SourceVersion "2"]
[SourceVersionDate "2009.03.25"]
[SourceQuality "1"]

1. e4 c5 2. Nf3 d6 3. c3 e6 4. d4 d5 5. e5 Nc6 6. Be2 Qc7 7. 0-0 Bd7 8. Ng5 Nh6 9. Nh3 cxd4 10. Bxh6 gxh6 11. f4 Qb6 12. Nf2 Qxb2 13. Nd2 dxc3 14. Nb3 c2 15. Qd2 c1Q 16. Qxc1 Qxc1 17. Rfxc1 Ba3 18. Rc2 Be7 19. Rc3 f6 20. Bh5+ Kd8 21. Ng4 fxe5 22. Nxh6 Rf8 23. Nf7+ Kc7 24. fxe5 Be8 25. Rf1 Kb6 26. Rg3 Nxe5 27. Re3 Nxf7 28. Rxe6+ Nd6 29. Rfe1 Bxh5 30. Rxe7 Rae8 31. R1e5 Rxe7 32. Rxe7 Bg6 33. Nd4 Nf5 34. Re6+ Kc5 35. Nb3+ Kc4 36. Na5+ Kd3 37. Nxb7 Nd4 0-1